Osobitná sadzba dane
Ustanovenia par. 36 a par. 40n zákona o daniach z príjmov, ktoré upravujú osobitnú sadzbu dane. Rozlíšenie daňových subjektov pri aplikácii osobitnej sadzby dane - tzv. rezidenti a nerezidenti. Vecná daňová príslušnosť. Daňové subjekty a osobitná sadzba dane. Ilustračné príklady aplikácie osobitnej...
Saved in:
| Main Author: | |
|---|---|
| Format: | Book Chapter |
| Language: | Slovak |
| Subjects: | |
| Tags: |
No Tags, Be the first to tag this record!
|
MARC
| LEADER | 00000naa a2200000 4500 | ||
|---|---|---|---|
| 001 | r037049 | ||
| 005 | 20230919090340.4 | ||
| 041 | 0 | |a slo | |
| 044 | |a SK | ||
| 245 | 1 | 0 | |a Osobitná sadzba dane |c Daniel Jánoš |
| 520 | |a Ustanovenia par. 36 a par. 40n zákona o daniach z príjmov, ktoré upravujú osobitnú sadzbu dane. Rozlíšenie daňových subjektov pri aplikácii osobitnej sadzby dane - tzv. rezidenti a nerezidenti. Vecná daňová príslušnosť. Daňové subjekty a osobitná sadzba dane. Ilustračné príklady aplikácie osobitnej sadzby dane. Základ dane na účely zdanenia. V článku je v plnom rozsahu zapracovaná novela ZDP - zákon č. 64/1999 Z.z. | ||
| 610 | 2 | 0 | |a sadzby daňové |
| 610 | 2 | 0 | |a rezidenti |
| 610 | 2 | 0 | |a nerezidenti |
| 610 | 2 | 0 | |a príjmy |
| 610 | 2 | 0 | |a zdaňovanie |
| 610 | 2 | 0 | |a osoby fyzické |
| 610 | 2 | 0 | |a osoby právnické |
| 610 | 2 | 0 | |a daňovníci |
| 610 | 2 | 0 | |a úpravy právne |
| 610 | 2 | 0 | |a zákony |
| 610 | 2 | 0 | |a dane z príjmov |
| 100 | 1 | |a Jánoš, Daniel | |